Normal view MARC view
  • Cajkovskij Petr Llijch

Entry Personal Name

Number of records used in: 1

001 - CONTROL NUMBER

  • control field: 9044

003 - CONTROL NUMBER IDENTIFIER

  • control field: IT-RoPau

005 - DATE AND TIME OF LATEST TRANSACTION

  • control field: 20140113145304.0

008 - FIXED-LENGTH DATA ELEMENTS

  • fixed length control field: 140113|| aca||aabn | a|a d

040 ## - CATALOGING SOURCE

  • Original cataloging agency: IT-RoPau
  • Transcribing agency: IT-RoPau

100 ## - HEADING--PERSONAL NAME

  • Personal name: Cajkovskij Petr Llijch
  • Miscellaneous information: Codice autore musica SPICS: 10808
  • Relator term: Autore musica
  • Name of part/section of a work: Concerto

670 ## - SOURCE DATA FOUND

  • Source citation: Work cat.: (IT-RoPau)102530: Ekseption 9034, Best of Ekseption (The)-Ekseptional Classics
CREDITS: SOCIETA' SAN PAOLO Via A.Severo, 58 - ROMA (RM) & PERIODICI SAN PAOLO SRL Via Giotto, 36 MILANO & CISF Via Giotto, 36 MILANO & EDIZIONI SAN PAOLO SRL,  Piazza Soncino, 5 CINISELLO BALSAMO (MI) -- ITALY